NFL Pro Bowl Wide Receivers 1980s - Statistics

General Stats
  • This quiz has been taken 74 times
  • The average score is 56 of 98
Answer Stats
Season Team Player % Correct
1989 49ers Jerry Rice
97%
1988 49ers Jerry Rice
97%
1987 49ers Jerry Rice
97%
1986 49ers Jerry Rice
97%
1987 Seahawks Steve Largent
93%
1986 Seahawks Steve Largent
93%
1985 Seahawks Steve Largent
93%
1984 Seahawks Steve Largent
93%
1981 Seahawks Steve Largent
93%
1989 Bills Andre Reed
86%
1988 Bills Andre Reed
86%
1989 Vikings Anthony Carter
84%
1988 Vikings Anthony Carter
84%
1987 Vikings Anthony Carter
84%
1983 Redskins Charlie Brown
78%
1982 Redskins Charlie Brown
78%
1988 Bengals Eddie Brown
78%
1988 Dolphins Mark Clayton
78%
1986 Dolphins Mark Clayton
78%
1985 Dolphins Mark Clayton
78%
1984 Dolphins Mark Clayton
78%
1985 Rams Ron Brown
78%
1988 Raiders Tim Brown
78%
1986 Dolphins Mark Duper
76%
1984 Dolphins Mark Duper
76%
1983 Dolphins Mark Duper
76%
1989 Packers Sterling Sharpe
76%
1986 Redskins Art Monk
67%
1985 Redskins Art Monk
67%
1984 Redskins Art Monk
67%
1983 Falcons Billy Johnson
67%
1985 Packers James Lofton
67%
1984 Packers James Lofton
67%
1983 Packers James Lofton
67%
1982 Packers James Lofton
67%
1981 Packers James Lofton
67%
1980 Packers James Lofton
67%
1983 Bengals Cris Collinsworth
66%
1982 Bengals Cris Collinsworth
66%
1981 Bengals Cris Collinsworth
66%
1984 Steelers John Stallworth
66%
1982 Steelers John Stallworth
66%
1982 49ers Dwight Clark
62%
1981 49ers Dwight Clark
62%
1987 Redskins Gary Clark
62%
1986 Redskins Gary Clark
62%
1980 Eagles Harold Carmichael
62%
1982 Packers John Jefferson
59%
1980 Chargers John Jefferson
59%
1988 Oilers Drew Hill
57%
1989 49ers John Taylor
57%
1988 49ers John Taylor
57%
1985 Cowboys Tony Hill
57%
1988 Jets Al Toon
55%
1987 Jets Al Toon
55%
1986 Jets Al Toon
55%
1989 Rams Henry Ellard
55%
1988 Rams Henry Ellard
55%
1984 Rams Henry Ellard
55%
1988 Cardinals J. T. Smith
53%
1980 Chiefs J. T. Smith
53%
1987 Patriots Stanley Morgan
52%
1986 Patriots Stanley Morgan
52%
1980 Patriots Stanley Morgan
52%
1980 Chargers Charlie Joiner
50%
1981 Vikings Ahmad Rashad
45%
1980 Vikings Ahmad Rashad
45%
1985 Patriots Irving Fryar
45%
1984 Cardinals Roy Green
45%
1983 Cardinals Roy Green
45%
1985 Chargers Wes Chandler
43%
1983 Chargers Wes Chandler
43%
1982 Chargers Wes Chandler
43%
1987 Eagles Mike Quick
41%
1986 Eagles Mike Quick
41%
1985 Eagles Mike Quick
41%
1984 Eagles Mike Quick
41%
1983 Eagles Mike Quick
41%
1982 Jets Wesley Walker
40%
1989 Chargers Anthony Miller
36%
1989 Buccaneers Mark Carrier
34%
1989 Seahawks Brian Blades
31%
1988 Saints Eric Martin
31%
1989 Browns Webster Slaughter
31%
1985 Steelers Louis Lipps
26%
1984 Steelers Louis Lipps
26%
1981 Falcons Alfred Jenkins
22%
1980 Falcons Alfred Jenkins
22%
1981 Broncos Steve Watson
21%
1982 Broncos Rick Upchurch
19%
1987 Chiefs Carlos Carson
16%
1983 Chiefs Carlos Carson
16%
1980 Bills Jerry Butler
14%
1980 Cardinals Pat Tilley
10%
1981 Bills Frank Lewis
9%
1987 Bills Steve Tasker
9%
1981 Oilers Carl Roaches
5%
1987 Browns Gerald McNeil
5%
No matching quizzes found
Score Distribution
Percent of People with Each Score
Percentile by Number Answered
Your Score History
You have not taken this quiz